Yo siempre te querre / (Record no. 27260)

MARC details
000 -LEADER
fixed length control field 00547nam a22001937a 4500
001 - CONTROL NUMBER
control field sjds
003 - CONTROL NUMBER IDENTIFIER
control field sjds
005 - DATE AND TIME OF LATEST TRANSACTION
control field 20220726212614.0
008 - FIXED-LENGTH DATA ELEMENTS--GENERAL INFORMATION
fixed length control field 220726b sp ||||| |||| 00| 0 spa d
020 ## - INTERNATIONAL STANDARD BOOK NUMBER
International Standard Book Number 9788426124043
020 ## - INTERNATIONAL STANDARD BOOK NUMBER
International Standard Book Number 8426124046
040 ## - CATALOGING SOURCE
Transcribing agency sjds
041 ## - LANGUAGE CODE
Language code of text/sound track or separate title spa
100 10 - MAIN ENTRY--PERSONAL NAME
Personal name Wilhelm, Hans
245 ## - TITLE STATEMENT
Title Yo siempre te querre /
Statement of responsibility, etc. Hans Wilhelm ; [traduccion de Carina Esteve Gomis].
260 ## - PUBLICATION, DISTRIBUTION, ETC. (IMPRINT)
Place of publication, distribution, etc. Barcelona :
Name of publisher, distributor, etc. Editorial Juventud,
Date of publication, distribution, etc. 2002
300 ## - PHYSICAL DESCRIPTION
Extent 1 volume (unpaged) :
Other physical details color illustrations ;
Dimensions 18 x 23 cm
942 ## - ADDED ENTRY ELEMENTS (KOHA)
Koha item type Libro/Book
Source of classification or shelving scheme Dewey Decimal Classification
Holdings
Withdrawn status Lost status Damaged status Not for loan Home library Current library Date acquired Total Checkouts Total Renewals Full call number Barcode Date last seen Date checked out Price effective from Koha item type Inventory number Checked out
        San Juan Del Sur -- Mobile Collado 09/02/2023 1   JI 30029569 10/03/2026 10/03/2026 09/02/2023 Libro/Book Inventory date: 1-2-25 14/04/2026
        San Juan Del Sur -- Mobile El coco 09/02/2023 1   JI 30029568 11/03/2026 11/03/2026 09/02/2023 Libro/Book Inventory date: 1-2-25 15/04/2026
        San Juan Del Sur -- Mobile Las delicias 29/12/2022 2   JI 33017092 10/10/2023 10/10/2023 29/12/2022 Libro/Book   14/11/2023
        San Juan Del Sur -- Mobile Rejega 29/12/2022 1   JI 33017082 01/11/2023 01/11/2023 29/12/2022 Libro/Book   06/12/2023
        San Juan Del Sur -- Biblioteca San Juan Del Sur -- Biblioteca 23/06/2022 6 2 JI 30028699 26/09/2024 29/08/2024 23/06/2022 Libro/Book    
        San Juan Del Sur -- Mobile San Juan Del Sur -- Mobile 29/12/2022 1   JI 33017091 13/02/2024 13/02/2024 29/12/2022 Libro/Book Inventory date: 10-2-25  
        San Juan Del Sur -- Mobile San francisco de asis 29/12/2022 3   JI 33017094 05/09/2024 05/09/2024 29/12/2022 Libro/Book   10/10/2024

Powered by Koha